| 000 | 00368 a2200121 4500 | ||
|---|---|---|---|
| 020 | _a0419258604 | ||
| 082 | _a624.18 ILL | ||
| 100 | _aIllston,J.M. | ||
| 245 |
_aConstruction Materials: their nature and behaviour / _cedited by J.M.Illston, P.L.J.Domone |
||
| 250 | _a3rd.ed. | ||
| 260 |
_aLondon : _cSpon Press, _b2001. |
||
| 300 |
_axxvii,554p. : _bill . ; _c25cm |
||
| 650 | _aconstruction materials | ||
| 999 |
_c1252 _d1252 |
||